Barclays Premier League Stadium Capacities Quiz Stats

 Plays Quiz not verified by Sporcle

Score 0/20 Timer 06:00
0 Plays Today
Stadium Capacity % Correct
Emirates Stadium60,000
87.3%
Anfield45,000
75.1%
Goodison Park40,000
71.2%
Liberty Stadium20,000
63.4%
Villa Park42,000
62.4%
Craven Cottage25,000
62.4%
DW Stadium 25,000
61.5%
St James Park52,000
59.5%
Stamford Bridge41,000
55.1%
Old Trafford72,000
54.1%
Stadium Capacity % Correct
Loftus Road18,000
53.7%
White Hart Lane36,000
52.2%
Reebok Stadium28,000
51.2%
Etihad Stadium47,000
51.2%
Ewood Park31,000
50.2%
Stadium of Light49,000
50.2%
Carrow Road27,000
49.8%
Britannia Stadium27,000
49.8%
Molineux27,000
49.3%
The Hawthorns26,000
48.3%

You're not logged in!

Compare scores with friends on all Sporcle quizzes.
OR
Log In

Show Comments

Extras

Top Quizzes Today


Score Distribution

Your Account Isn't Verified!

In order to create a playlist on Sporcle, you need to verify the email address you used during registration. Go to your Sporcle Settings to finish the process.

Report this User

Report this user for behavior that violates our Community Guidelines.

Details: